| 000 | 00815nam a2200301Ia 4500 | ||
|---|---|---|---|
| 001 | 8552 | ||
| 005 | 20240113234119.0 | ||
| 007 | ta | ||
| 008 | 050720s1984 a g b000 u eng u | ||
| 020 | _a0-7069-2522-X | ||
| 040 | _aCotton College Assam | ||
| 041 | _aeng | ||
| 082 |
_a155.4 _bK 965 T |
||
| 100 | _aKuppuswamy, B. . | ||
| 245 | 0 |
_aA Textbook of Child Behaviour and Development / _cB. Kuppuswamy. _hTextual Documents |
|
| 250 | _a4th ed. / | ||
| 260 |
_aNew Delhi : _bVani Educational Books , _c1984. |
||
| 300 |
_axii, 288p. : _bill. ; _c22cm . |
||
| 504 | _aBib, Index | ||
| 653 | _aPsychology | ||
| 653 | _aChild Behaviour and Development | ||
| 653 | _aPG-Education | ||
| 653 | _aG-Education | ||
| 942 |
_2ddc _cBK |
||
| 999 |
_c8539 _d8539 |
||